Villes de France selon des villes de France - Click Quiz - Statistiques

Statistiques générales
  • Ce quiz a été pris 809 fois
  • Le résultat moyen est 19 sur 40
Statistiques - réponses
Hint Explanation Réponse % Correct
Basse-Terre 971 | Guadeloupe Pointe-à-Pitre
64%
Carcassonne 11 | Aude Narbonne
63%
Vannes 56 | Morbihan Lorient
60%
Millau 12 | Aveyron Rodez
59%
Arles 13 | Bouches-du-Rhône Aix-en-Provence
57%
Le Havre 76 | Seine-Maritime Dieppe
57%
Biarritz 64 | Pyrénées-Atlantiques Pau
56%
Saint-Laurent-du-Maroni 973 | Guyane Kourou
55%
Brive-la-Gaillarde 19 | Corrèze Tulle
54%
Cannes 06 | Alpes-Maritimes Menton
53%
Libourne 33 | Gironde Arcachon
52%
Annemasse 74 | Haute-Savoie Thonon-les-Bains
52%
Aulnay-sous-Bois 93 | Seine-Saint-Denis Aubervilliers
51%
Valenciennes 59 | Nord Dunkerque
51%
Brest 29 | Finistère Morlaix
50%
Melun 77 | Seine-et-Marne Meaux
49%
Albi 81 | Tarn Castres
48%
Chartres 28 | Eure-et-Loir Dreux
48%
Saint-Germain-en-Laye 78 | Yvelines Mantes-la-Jolie
48%
Carpentras 84 | Vaucluse Orange
48%
Bayeux 14 | Calvados Lisieux
45%
Draguignan 83 | Var Fréjus
44%
Calais 62 | Pas-de-Calais Lens
44%
Montbéliard 25 | Doubs Pontarlier
43%
Royan 17 | Charente-Maritime Saintes
43%
Auxerre 89 | Yonne Sens
43%
Fougères 35 | Ille-et-Vilaine Saint-Malo
42%
Saint-Quentin 02 | Aisne Soissons
42%
Vierzon 18 | Cher Bourges
41%
Saumur 49 | Maine-et-Loire Cholet
41%
Chalon-sur-Saône 71 | Saône-et-Loire Le Creusot
40%
Béziers 34 | Hérault Lunel
40%
Corbeil-Essonnes 91 | Essonne Palaiseau
40%
Montluçon 03 | Allier Vichy
40%
Bar-le-Duc 55 | Meuse Verdun
39%
Saverne 67 | Bas-Rhin Haguenau
37%
Argenteuil 95 | Val-d'Oise Pontoise
37%
Forbach 57 | Moselle Thionville
37%
Fontenay-le-Comte 85 | Vendée Les Sables-d'Olonne
33%
Voiron 38 | Isère Vienne
30%
Aucun quiz correspondant
Distribution des résultats
% des personnes avec chaque résultat
Percentile par nombre de réponses
Votre historique - résultats
Vous n’avez pas pris ce quiz